000 00340nam a22001217a 4500
008 190226b xxu||||| |||| 00| 0 eng d
041 _aeng
080 _a574
100 _a9
101 _aMJE
245 _aBittersweet Harvests for Global Supermarkets: Challenges in Latin America's Agricultural Export Boom
_cThrupp, L.A
942 _2udc
_cBK
999 _c54259
_d54259